Normal view
MARC view
Entry Personal Name
001 - CONTROL NUMBER
- control field: 46010
003 - CONTROL NUMBER IDENTIFIER
- control field: OSt
005 - DATE AND TIME OF LATEST TRANSACTION
- control field: 20240612105654.0
008 - FIXED-LENGTH DATA ELEMENTS
- fixed length control field: 240612|| aca||aabn | a|a d
040 ## - CATALOGING SOURCE
- Original cataloging agency: OSt
- Transcribing agency: OSt
100 ## - HEADING--PERSONAL NAME
- Personal name: Ankit, Rakesh
670 ## - SOURCE DATA FOUND
- Source citation: Work cat.: (OSt)524405: Ankit, Rakesh, Probing early Pakistan: East Bengal politicians and their exchanges with prime minister Liaquat Ali Khan, 1947–51
